TNT TOEIC. : Actual Tests / LC & RC

Đã lưu trong:
Sonraí Bibleagrafaíochta
Príomhúdar: Lori
Formáid: Leabhar
Teanga:English
Foilsithe: 2009.
Ábhair:
Clibeanna: Cuir Clib Leis
Gan Chlibeanna, Bí ar an gcéad duine leis an taifead seo a chlibeáil!
Thư viện lưu trữ: Mạng thư viện Đại học Đà Nẵng
LEADER 00921nam a22003011a 4500
001 000035297
003 11574
005 20210330074220.0
008 151111s2009 000 eng
020 |c 110000 
041 |a eng 
082 |a 420.8  |b LO-R 
100 |a Lori 
245 0 |a TNT TOEIC. :  |b Actual Tests /  |c Lori  |n LC & RC 
260 |c 2009. 
300 |a 242tr. :  |b mh. ;  |c 26cm. 
650 |a TNT TOEIC 
653 |b TOEIC  |c Actual Tests 
OWN |a LNN 
902 |a TKA 
AVA |a UDN50  |b LNN  |c English  |d 420.8 NG-H  |e available  |t Error 5001 Not defined in file expand_doc_bib_avail.  |f 3  |g 0  |h N  |i 0  |j AN 
999 |a From the UDN01 
AVA |a UDN50  |b LNN  |c English  |d 420.8 NG-H  |e available  |t Error 5001 Not defined in file expand_doc_bib_avail.  |f 3  |g 0  |h N  |i 0  |j AN 
TYP |a Monograph 
TYP |a Printed language 
980 |a Mạng thư viện Đại học Đà Nẵng